| 000 | 00482nab a22001457 4500 | ||
|---|---|---|---|
| 003 | ES-SlBCS | ||
| 005 | 20210327224222.0 | ||
| 008 | 181008s2018 sp ||||| |||| 00| 0 spa d | ||
| 040 |
_aES-SlBCS _bspa |
||
| 041 | _aspa | ||
| 100 | 1 |
_aZsupan-Jerome, Daniella _9113303 |
|
| 245 | 1 | 3 |
_aLa comunidad de la Iglesia. Caminar al paso del Espíritu con la cultura digital _cDaniella Zsupan-Jerome |
| 773 | 0 |
_gNúm. 377, 2018, págs. 107-118 _tConcilium _wRev134 _x0210-1041 |
|
| 942 |
_2lcc _cAR |
||
| 999 |
_c476514 _d476514 |
||